书目信息 |
| 题名: |
医药物理学
|
|
| 作者: | 李松山 编著 | |
| 分册: | ||
| 出版信息: | 北京 中国科学技术出版社 2015.7 |
|
| 页数: | 307页 | |
| 开本: | 26cm | |
| 丛书名: | ||
| 单 册: | ||
| 中图分类: | R312-43 | |
| 科图分类: | ||
| 主题词: | 医用物理学--高等学校--教材 | |
| 电子资源: | ||
| ISBN: | 978-7-5046-6929-2 | |
| 000 | 00976nam0 2200253 450 | |
| 001 | 0400002502 | |
| 005 | 20171025144430.87 | |
| 010 | @a978-7-5046-6929-2@dCNY39.00 | |
| 100 | @a20150920e2015 em y0chiy50 ea | |
| 101 | 0 | @achi |
| 102 | @aCN@b110000 | |
| 105 | @aa z 000yy | |
| 106 | @ar | |
| 200 | 1 | @a医药物理学@9yi yao wu li xue@f李松山[等]编著 |
| 205 | @a第2版 | |
| 210 | @a北京@c中国科学技术出版社@d2015.7 | |
| 215 | @a307页@c图@d26cm | |
| 304 | @a编著者还有:李高申、程方荣、张灵帅 | |
| 330 | @a本书从物理学与医药学学科交叉融合的讲授思路,构建了新的理论框架,涵盖了“医药物理学”这一交叉学科的基本内容。如对生物力学、血液流变学、电生理学、激光医学、放射医学、现代医学三大影像以及物理学知识与药物分析、检验、鉴定,药物剂型、制备、临床用药等方面知识的交叉融合有较深刻详细的阐述。 | |
| 606 | 0 | @a医用物理学@x高等学校@j教材 |
| 690 | @aR312-43@v5 | |
| 701 | 0 | @a李松山@9li song shan@4编著 |
| 801 | 0 | @aCN@b91MARC@c20171021 |
| 905 | @b1021954-8@dR312-43@f5@e289=2 | |
| 医药物理学/李松山[等]编著.-第2版.-北京:中国科学技术出版社,2015.7 |
| 307页:图;26cm |
| ISBN 978-7-5046-6929-2:CNY39.00 |
| 本书从物理学与医药学学科交叉融合的讲授思路,构建了新的理论框架,涵盖了“医药物理学”这一交叉学科的基本内容。如对生物力学、血液流变学、电生理学、激光医学、放射医学、现代医学三大影像以及物理学知识与药物分析、检验、鉴定,药物剂型、制备、临床用药等方面知识的交叉融合有较深刻详细的阐述。 |
| ● |
| 相关链接 |
|
|
|
|
正题名:医药物理学
索取号:R312-43/289=2
 
预约/预借
| 序号 | 登录号 | 条形码 | 馆藏地/架位号 | 状态 | 备注 |
| 1 | 1021954 | 210219547 | 第二样本阅览室/ [索取号:R312-43/289=2] | 在馆 | |
| 2 | 1021955 | 210219556 | 密集书库-生命科学系/ [索取号:R312-43/289=2] | 在馆 | |
| 3 | 1021956 | 210219565 | 第三借阅区/ [索取号:R312-43/289=2] | 在馆 | |
| 4 | 1021957 | 210219574 | 第三借阅区/ [索取号:R312-43/289=2] | 在馆 | |
| 5 | 1021958 | 210219583 | 第三借阅区/ [索取号:R312-43/289=2] | 在馆 |